Statistics for Административное деление Белоруссии (спринт версия)

Click here to take the quiz!

General Stats

  • This quiz has been taken 1 281 times
  • The average score is 5 of 7

Answers on the Map

Answers color-coded by a green-red scale on the quiz's map according to % correct below.
 

Answer Stats

Область% Correct
Минск
96%
Минская область
96%
Гомельская область
70%
Брестская область
68%
Витебская область
60%
Гродненская область
59%
Могилёвская область
59%

Score Distribution

Percentile by Number Answered

Percent of People with Each Score

Your Score History

You have not taken this quiz